000 00441nam a22001817a 4500
005 20250327104133.0
008 160523b xxu||||| |||| 00| 0 eng d
020 _a1403-9399-6
041 _aeng
082 _b4229
_a658.403
100 _aGoyal, D.P.
_91054
245 _aManagement Information Systems
250 _a2ND ED.
260 _aNew Delhi
_bAcademic Faundation
_c2009
300 _a355p,
650 _aManagement
942 _cBK
999 _c1436
_d1436